Fertility capability classification of some soils under rubber in Kerala (Record no. 51549)

MARC details
000 -LEADER
fixed length control field 00444nam a2200157Ia 4500
100 ## - MAIN ENTRY--AUTHOR NAME
Personal name Rao D.V.K.N.
245 #0 - TITLE STATEMENT
Title Fertility capability classification of some soils under rubber in Kerala
260 ## - PUBLICATION, DISTRIBUTION, ETC. (IMPRINT)
Name of publisher Journal of the Indian Society of Soil Science
Year of publication 2003
300 ## - PHYSICAL DESCRIPTION
Number of Pages 183-188
650 ## - SUBJECT ADDED ENTRY--TOPICAL TERM
Topical Term Kerala
650 ## - SUBJECT ADDED ENTRY--TOPICAL TERM
Topical Term Rubber soil
650 ## - SUBJECT ADDED ENTRY--TOPICAL TERM
Topical Term Soil analysis
700 ## - ADDED ENTRY--PERSONAL NAME
Personal name Jose A.I.
942 ## - ADDED ENTRY ELEMENTS (KOHA)
Koha item type Bibliography STAF
Holdings
Withdrawn status Lost status Damaged status Not for loan Home library Current library Shelving location Date acquired Serial Enumeration / chronology Koha item type
      Bibliography RRII Library RRII Library Soils and agonomy 09/04/2014 Volume 51, Issue 2 Bibliography STAF